000 00320nam a22001211a 4500
082 _aM 398.2
_bKAS/T
100 _aKassim T Konniyoor
_9115370
245 _aThekkan pattukal/
_cby Kassim T Konniyoor
260 _aKayamkulam:
_bLekha Publications,
_c1967.
300 _a90p.
650 _aThekkan Pattu
_9115371
942 _cBK
999 _c46698
_d46698